| Tag |
First Indicator |
Second Indicator |
Subfields |
| LEADER |
00000cam a2200000 4500 |
| 001 |
in00000067625 |
| 005 |
20151008050140.0 |
| 008 |
750814s1948 nyu 00000 eng u |
| 010 |
|
|
|a 48010228
|
| 035 |
|
|
|a (OCoLC)01547717
|
| 035 |
|
|
|9 AAF9931AM
|
| 040 |
|
|
|c FBA
|d TXA
|d UtOrBLW
|
| 049 |
|
|
|a TXAM
|c [159703]
|
| 050 |
0 |
0 |
|a E744
|b .J664
|
| 082 |
0 |
|
|a 327.73
|
| 092 |
|
|
|a 327.73
|b J72w
|
| 100 |
1 |
|
|a Johnston, Eric Allen,
|d 1896-
|
| 245 |
1 |
0 |
|a We'll all in it.
|
| 250 |
|
|
|a [1st ed.].
|
| 264 |
|
1 |
|a New York :
|b E. P. Dutton,
|c 1948.
|
| 300 |
|
|
|a 220 pages ;
|c 22 cm.
|
| 336 |
|
|
|a text
|b txt
|2 rdacontent
|
| 337 |
|
|
|a unmediated
|b n
|2 rdamedia
|
| 338 |
|
|
|a volume
|b nc
|2 rdacarrier
|
| 651 |
|
0 |
|a United States
|x Foreign relations
|y 1945-1953.
|
| 651 |
|
0 |
|a United States
|x Foreign relations
|y 1945-1989.
|
| 999 |
|
|
|a MARS
|
| 999 |
f |
f |
|s 8f54fb73-77a5-302d-9776-360a698ab178
|i c35238fe-a9e3-3819-9f42-b17f2d5d1df3
|t 0
|
| 952 |
f |
f |
|p ric
|a Texas A&M University
|b Rellis Campus
|c Joint Library Facility
|d Remote Storage
|t 0
|e E744 .J664
|h Library of Congress classification
|i unmediated -- volume
|m A14800678478
|
| 998 |
f |
f |
|a E744 .J664
|t 0
|l Remote Storage
|